000 00559nam a2200193Ia 4500
003 IN-BaIIA
008 211028s9999 xx 000 0 eng d
020 _a0-500-10008-X
040 _cIIA Library
080 _a52(091)
_bKIL
100 _aKilmister, Clive
_99830
245 4 _aThe nature of the universe
_cClive Kilmister
260 _aLondon
_bThames and Hudson
_c1971
300 _a216p.
650 _aAstronomy
_980
650 _aAstronomy and astrophysics thesaurus
650 _aUniverse
_91987
942 _cBK
999 _c5664
_d5664